[Event "Mechanics' Spring TNM; 30/90, SD/30"]
[Site "San Francisco"]
[Date "2010.04.06"]
[Round "4.4"]
[White "Gaffagan, Steven"]
[Black "Wong, Russell"]
[Result "0-1"]
[WhiteElo "2020"]
[BlackElo "2200"]
[PlyCount "72"]
[EventDate "2010.??.??"]

1. Nf3 g6 2. e4 Bg7 3. d4 d6 4. c3 Nd7 5. Bc4 h6 6. O-O e6 7. Qe2 Ne7 8. Rd1 c6
9. Bb3 Qc7 10. Bf4 a5 11. a4 O-O 12. h4 e5 13. dxe5 dxe5 14. Be3 b6 15. h5 Nf6
16. hxg6 Nxg6 17. Nbd2 Bg4 18. Qf1 c5 19. Bc2 Rad8 20. Re1 Bc8 21. Nh2 Bb7 22.
f3 Nh5 23. Ng4 Kh7 24. Qf2 Bc8 25. Nh2 Bf6 26. g3 Nhf4 27. Bxf4 exf4 28. e5
fxg3 29. Qxg3 Rxd2 30. Bxg6+ fxg6 31. Nf1 Bg5 32. Nxd2 Bxd2 33. Re2 Bf4 34. Qh4
Bg5 35. Qg3 Bb7 36. Rf1 Ba6 0-1

[Event "Mechanics' Spring TNM; 30/90, SD/30"]
[Site "San Francisco"]
[Date "2010.04.06"]
[Round "4.2"]
[White "Grefe, John"]
[Black "Argishti, Dante"]
[Result "1-0"]
[WhiteElo "2373"]
[BlackElo "2034"]
[PlyCount "95"]
[EventDate "2010.??.??"]

1. e4 e6 2. d3 d5 3. Nd2 Nf6 4. Ngf3 Be7 5. g3 c5 6. Bg2 Nc6 7. O-O Qc7 8. Re1
d4 9. Nc4 e5 10. a4 h6 11. Nh4 Bg4 12. f3 g5 13. Nf5 Bxf5 14. exf5 O-O-O 15. c3
Nd7 16. Bd2 h5 17. cxd4 exd4 18. f4 Nb6 19. Nxb6+ axb6 20. fxg5 Bd6 21. Qf3 h4
22. Bf4 hxg3 23. hxg3 Bxf4 24. gxf4 Rh4 25. Re4 Qd7 26. f6 Kb8 27. Rae1 Qd6 28.
Kf2 Ka7 29. Kg3 Rhh8 30. Re7 Rd7 31. Rxd7 Qxd7 32. Qd5 Qc7 33. a5 Rd8 34. axb6+
Kxb6 35. Qb3+ Nb4 36. Re7 Rd7 37. Qxf7 Nxd3 38. Qb3+ Nb4 39. Qe6+ Rd6 40. Rxc7
Rxe6 41. Rxb7+ Ka6 42. f7 Nc6 43. Bxc6 Rxc6 44. Re7 c4 45. f8=Q c3 46. Qa8+ Kb6
47. Qb7+ Kc5 48. Re5+ 1-0

[Event "Mechanics' Spring TNM; 30/90, SD/30"]
[Site "San Francisco"]
[Date "2010.03.23"]
[Round "2.1"]
[White "Grefe, John"]
[Black "Liu, Daniel"]
[Result "1-0"]
[WhiteElo "2373"]
[BlackElo "1973"]
[Annotator "Donaldson"]
[PlyCount "111"]
[EventDate "2010.??.??"]

1. Nf3 c5 2. g3 g6 3. Bg2 Bg7 4. d4 cxd4 5. Nxd4 Nc6 6. Nb3 Nf6 7. Nc3 O-O 8.
O-O d6 9. h3 Be6 10. e4 Nd7 11. Nd5 f5 12. exf5 Bxf5 13. Re1 Nf6 14. Bg5 Kh8
15. g4 Bd7 16. c3 Nxd5 17. Bxd5 Qb6 18. Be3 Qc7 19. Qe2 Ne5 20. Nd4 Qa5 21. Bb3
Nc6 22. Ne6 Bxe6 23. Bxe6 Rad8 24. Rad1 Qe5 25. Qc4 Qf6 26. f4 Qh4 27. Bf2 $6 (
27. Kg2 {preserved a clear advantage for White. The text is unnecessarily
complicates the situation.}) 27... Qxh3 28. g5 Qh5 $2 (28... Qf3 $1 {
would have put White's idea of sacrificing his h-pawn to the test.}) 29. Rd3
Ne5 (29... Be5 {fares no better.} 30. fxe5 Nxe5 31. Qd4 Qxg5+ 32. Rg3 {winning.
}) 30. fxe5 Qxg5+ 31. Rg3 Qd2 32. Qe2 Qxe2 33. Rxe2 Bxe5 34. Bd4 Bxd4+ 35. cxd4
Rf4 36. Rg4 Rxg4+ 37. Bxg4 h5 38. Bf3 Rd7 39. Re6 Rc7 40. Rxg6 Rc1+ 41. Kh2 Rf1
42. Bxb7 Rf4 43. d5 Rb4 44. Bc6 Rxb2+ 45. Rg2 Rxg2+ 46. Kxg2 Kg7 47. Bd7 Kf6
48. Kg3 Ke5 49. Be6 Kd4 50. Kh4 a5 51. Kxh5 a4 52. Kg6 a3 53. Kf7 Kc3 54. Kxe7
Kb2 55. Kxd6 Kxa2 56. Kc7 1-0

[Event "Mechanics' Spring TNM; 30/90, SD/30"]
[Site "San Francisco"]
[Date "2010.04.20"]
[Round "6.2"]
[White "Grefe, John"]
[Black "Rosenthal, Ed"]
[Result "1-0"]
[WhiteElo "2373"]
[BlackElo "2103"]
[PlyCount "59"]
[EventDate "2010.??.??"]

1. e4 d6 2. d4 Nf6 3. f3 g6 4. c4 Bg7 5. Nc3 c6 6. Be3 a6 7. a4 a5 8. Bd3 Na6
9. Rc1 Nb4 10. Bb1 b6 11. Nge2 Ba6 12. b3 O-O 13. O-O Rb8 14. Qd2 e5 15. Rcd1
exd4 16. Nxd4 d5 17. exd5 cxd5 18. Ndb5 Bb7 19. Qf2 Ba8 20. Rd2 Qc8 21. Bxb6
dxc4 22. Nd6 Qa6 23. Nxc4 Nfd5 24. Nxd5 Bxd5 25. Bc7 Bxc4 26. Bxb8 Rxb8 27.
bxc4 Qxc4 28. Rfd1 Nc6 29. Be4 Bf8 30. Rc2 1-0

[Event "Mechanics' Spring TNM; 30/90, SD/30"]
[Site "San Francisco"]
[Date "2010.03.23"]
[Round "2.11"]
[White "Grey, Peter"]
[Black "Beilin, Allan"]
[Result "1/2-1/2"]
[WhiteElo "2007"]
[BlackElo "1808"]
[PlyCount "94"]
[EventDate "2010.??.??"]

1. Nf3 d5 2. d4 Nf6 3. c4 c6 4. Qc2 dxc4 5. Qxc4 Bf5 6. g3 e6 7. Bg2 Nbd7 8.
O-O Nb6 9. Qb3 Be7 10. Rd1 O-O 11. Nc3 Nfd5 12. Ne5 Bf6 13. e4 Nxc3 14. bxc3
Bg6 15. Nxg6 hxg6 16. Be3 Qd7 17. a4 Nc8 18. Rab1 b6 19. e5 Bd8 20. c4 Ne7 21.
f4 Bc7 22. Rd3 Rad8 23. Rbd1 Qc8 24. Bf2 Rd7 25. g4 g5 26. fxg5 c5 27. dxc5
Rxd3 28. Rxd3 Ng6 29. cxb6 Bxb6 30. Bxb6 axb6 31. Qb5 Qc7 32. Rd6 Rc8 33. Rc6
Qd8 34. Rxc8 Qxc8 35. Be4 Nf8 36. g6 Nxg6 37. Bxg6 fxg6 38. Qxb6 Qxc4 39. a5
Qxg4+ 40. Kf2 Qf4+ 41. Ke2 Qxh2+ 42. Kd3 Qxe5 43. a6 Qd5+ 44. Kc3 Qe5+ 45. Kb4
Qe4+ 46. Ka5 Qe5+ 47. Kb4 Qe4+ 1/2-1/2

[Event "Mechanics' Spring TNM; 30/90, SD/30"]
[Site "San Francisco"]
[Date "2010.03.30"]
[Round "3.7"]
[White "Grey, Peter"]
[Black "Kleiman, Charles"]
[Result "1/2-1/2"]
[WhiteElo "2007"]
[BlackElo "1742"]
[PlyCount "98"]
[EventDate "2010.??.??"]

1. Nf3 d5 2. d4 Nf6 3. c4 Bf5 4. Nc3 e6 5. cxd5 exd5 6. Bg5 c6 7. e3 Nbd7 8.
Bd3 Bg4 9. Qc2 Bd6 10. O-O-O h6 11. Bh4 Qc7 12. Bg3 O-O-O 13. Kb1 Kb8 14. Rc1
a6 15. Qb3 Bxg3 16. hxg3 Qb6 17. Qa3 Rhe8 18. Nd2 c5 19. Na4 Qb4 20. Nxc5 Qxa3
21. bxa3 Nxc5 22. Rxc5 Ne4 23. Bxe4 dxe4 24. Rhc1 Re7 25. Nc4 f6 26. Nb6 Ka7
27. Nc8+ Bxc8 28. Rxc8 Rxc8 29. Rxc8 b6 30. Kb2 Kb7 31. Rc2 Rd7 32. f3 Re7 33.
Rc3 f5 34. a4 Re6 35. a5 Rg6 36. g4 exf3 37. gxf3 fxg4 38. fxg4 Rxg4 39. axb6
Kxb6 40. d5 Rg2+ 41. Kb3 Rd2 42. Rc6+ Kb7 43. e4 Rd4 44. Rg6 Rxe4 45. Rxg7+ Kc8
46. Rh7 Rh4 47. Ra7 Rd4 48. Rxa6 h5 49. Rh6 Rxd5 1/2-1/2

[Event "Mechanics' Spring TNM; 30/90, SD/30"]
[Site "San Francisco"]
[Date "2010.04.13"]
[Round "5.3"]
[White "Grey, Peter"]
[Black "Lee, Andy"]
[Result "0-1"]
[WhiteElo "2007"]
[BlackElo "2334"]
[PlyCount "44"]
[EventDate "2010.??.??"]

1. e4 e5 2. Nf3 Nc6 3. Nc3 Nf6 4. d4 exd4 5. Nxd4 Bb4 6. Nxc6 bxc6 7. Bd3 d5 8.
e5 Nd7 9. O-O (9. Qg4 Qe7 10. O-O O-O 11. Bg5 f6 12. exf6 Nxf6 $11) 9... Nc5
10. a3 Bxc3 11. bxc3 Nxd3 12. Qxd3 (12. cxd3 O-O 13. Rb1) 12... O-O 13. Be3 a5
14. Qd4 Bf5 15. Qa4 Qd7 16. Rab1 Rfe8 17. Rb7 $2 (17. f4) (17. Bf4) 17... Rxe5
18. Rfb1 h6 19. Rb8+ Rxb8 20. Rxb8+ Kh7 21. Qxa5 Qe6 22. Qc5 (22. Qa7 d4 23.
cxd4 Rxe3 24. fxe3 Qxe3+ $19) 22... d4 0-1

[Event "Mechanics' Spring TNM; 30/90, SD/30"]
[Site "San Francisco"]
[Date "2010.04.06"]
[Round "4.27"]
[White "Hilliard, Michael"]
[Black "Mar, Henry"]
[Result "1-0"]
[WhiteElo "1428"]
[BlackElo "1500"]
[PlyCount "115"]
[EventDate "2010.??.??"]

1. d3 g6 2. c4 Bg7 3. Nc3 Nf6 4. e4 d6 5. f4 Bg4 6. Be2 Bxe2 7. Qxe2 Nc6 8. Nf3
O-O 9. Be3 e6 10. O-O-O a5 11. d4 a4 12. e5 Ne8 13. h4 a3 14. b3 Ne7 15. g4 f6
16. h5 fxe5 17. dxe5 d5 18. hxg6 Nxg6 19. Ng5 Nxf4 20. Bxf4 Qc8 21. Qd3 Rxf4
22. Qxh7+ Kf8 23. Rhf1 Bxe5 24. Kc2 Ng7 25. Rxf4+ Bxf4 26. Rf1 e5 27. Qh8+ Ke7
28. Qxg7+ Kd6 29. Qf6+ Kc5 30. Ne6+ Kb4 31. Nxd5+ Ka5 32. Ndxf4 exf4 33. Rxf4
Ra6 34. Rf5+ Kb6 35. Qd4+ c5 36. Qxc5+ Qxc5 37. Nxc5 Ra8 38. b4 Re8 39. Rf6+
Ka7 40. Kd2 Rg8 41. Rf4 b6 42. Ne6 Rg6 43. Rf7+ Kb8 44. Rf8+ Ka7 45. Nc7 Rxg4
46. Nb5+ Kb7 47. Rf7+ Kb8 48. Nxa3 Rg2+ 49. Kc3 Rxa2 50. Nb5 Rh2 51. Rd7 Rh1
52. c5 bxc5 53. bxc5 Rc1+ 54. Kb4 Rb1+ 55. Ka5 Rh1 56. Kb6 Kc8 57. c6 Rh6 58.
Na7+ 1-0

[Event "Mechanics' Spring TNM; 30/90, SD/30"]
[Site "San Francisco"]
[Date "2010.04.27"]
[Round "7.24"]
[White "Hilliard, Michael"]
[Black "Nelson, Christopher"]
[Result "0-1"]
[WhiteElo "1428"]
[BlackElo "1648"]
[PlyCount "46"]
[EventDate "2010.??.??"]

1. d4 f5 2. Nc3 e6 3. Bf4 Nf6 4. e3 Bb4 5. Nge2 O-O 6. h4 b6 7. a3 Be7 8. f3
Nh5 9. g3 Bb7 10. Bg2 d6 11. Qd2 Qe8 12. O-O-O Nc6 13. e4 Rd8 14. d5 exd5 15.
Nxd5 Qf7 16. g4 fxg4 17. fxg4 Nxf4 18. Nexf4 Ne5 19. g5 Nc4 20. Qd4 Bxd5 21.
exd5 Qxf4+ 22. Qxf4 Rxf4 23. Rhe1 Ne5 0-1

[Event "Mechanics' Spring TNM; 30/90, SD/30"]
[Site "San Francisco"]
[Date "2010.03.23"]
[Round "2.21"]
[White "Hilliard, Michael"]
[Black "Oca, Homer"]
[Result "0-1"]
[WhiteElo "1428"]
[BlackElo "1703"]
[PlyCount "66"]
[EventDate "2010.??.??"]

1. d4 h6 2. e4 a6 3. c4 e6 4. Nc3 c5 5. d5 e5 6. Nf3 d6 7. Be2 g5 8. h3 Ne7 9.
Be3 Ng6 10. g3 Be7 11. Qc2 Nd7 12. Nd2 Nf6 13. O-O-O Bd7 14. Rdf1 Qc7 15. f4
gxf4 16. gxf4 exf4 17. Bxf4 Nxf4 18. Rxf4 h5 19. Nf3 O-O-O 20. Nh4 Nh7 21. Nf5
Bg5 22. Qd2 Bxf5 23. exf5 Qe7 24. h4 Bh6 25. Bxh5 Qe5 26. Rhf1 Rhg8 27. Bxf7
Rg1 28. Be6+ Kb8 29. Kc2 Rxf1 30. Re4 Bxd2 31. Rxe5 Bxc3 32. Re2 Be5 33. Rg2
Nf6 0-1

[Event "Mechanics' Spring TNM; 30/90, SD/30"]
[Site "San Francisco"]
[Date "2010.05.04"]
[Round "8.22"]
[White "Hilliard, Michael"]
[Black "Rettenmaier, Robert"]
[Result "0-1"]
[WhiteElo "1428"]
[BlackElo "1637"]
[PlyCount "53"]
[EventDate "2010.??.??"]

1. d4 c5 2. c3 Nf6 3. Bg5 Qb6 4. Qb3 Qxb3 5. axb3 Ne4 6. Bf4 cxd4 7. f3 Nc5 8.
Nd2 dxc3 9. bxc3 Nc6 10. e4 g6 11. Bc4 d6 12. Ne2 Bg7 13. O-O Ne5 14. Be3 Nxc4
15. bxc4 f5 16. Bd4 Rg8 17. Bxg7 Rxg7 18. Nf4 fxe4 19. Nxe4 Nxe4 20. fxe4 e6
21. Rfe1 Rc7 22. e5 Rxc4 23. exd6 Rxf4 24. Red1 Rc4 25. Rd3 Kd7 26. Re1 Rc6 27.
Red1 0-1

[Event "Mechanics' Spring TNM; 30/90, SD/30"]
[Site "San Francisco"]
[Date "2010.04.20"]
[Round "6.26"]
[White "James, Charles"]
[Black "Hilliard, Michael"]
[Result "0-1"]
[WhiteElo "1305"]
[BlackElo "1428"]
[PlyCount "52"]
[EventDate "2010.??.??"]

1. d4 d5 2. c4 e6 3. Nc3 c5 4. cxd5 cxd4 5. Qxd4 Nc6 6. Qd1 exd5 7. Qxd5 Be6 8.
Qb5 Qe7 9. e4 Rd8 10. Nf3 Qb4 11. a3 Qb3 12. Be3 a6 13. Qxb3 Bxb3 14. Be2 Be7
15. O-O Nf6 16. Nd2 Be6 17. Rad1 O-O 18. h3 Rd7 19. b4 Rfd8 20. f4 Nd4 21. f5
Nxe2+ 22. Nxe2 Bc4 23. Bb6 Bxe2 24. Bxd8 Rxd8 25. Rfe1 Bxd1 26. Rxd1 Nxe4 0-1

[Event "Mechanics' Spring TNM; 30/90, SD/30"]
[Site "San Francisco"]
[Date "2010.03.16"]
[Round "1.21"]
[White "James, Charles"]
[Black "Shnaiderman, Lazar"]
[Result "1/2-1/2"]
[WhiteElo "1305"]
[BlackElo "1873"]
[PlyCount "75"]
[EventDate "2010.??.??"]

1. d4 Nf6 2. c4 e6 3. Nc3 Bb4 4. Qc2 Nc6 5. e3 O-O 6. a3 Bxc3+ 7. Qxc3 d6 8.
Bd3 Qe7 9. Nf3 e5 10. dxe5 dxe5 11. e4 Bg4 12. Bc2 Rad8 13. Be3 Bxf3 14. gxf3
Nd4 15. Bxd4 exd4 16. Qd3 c5 17. O-O-O g6 18. Rde1 Qe5 19. Reg1 Nh5 20. Rg4 Nf4
21. Qd2 Ne6 22. f4 Qc7 {this isn't the move on the scoresheet} 23. f5 d3 24.
Bd1 Nd4 25. f4 b5 26. cxb5 c4 27. h4 c3 28. bxc3 Nxb5 29. e5 Rfe8 30. fxg6 hxg6
31. Bb3 Qc8 32. Qb2 Nxc3 33. Kd2 Ne4+ 34. Kd1 Qc5 35. Rxg6+ Kh7 36. Rg2 Nc3+
37. Kd2 Ne4+ 38. Kd1 1/2-1/2

[Event "Mechanics' Spring TNM; 30/90, SD/30"]
[Site "San Francisco"]
[Date "2010.03.23"]
[Round "2.15"]
[White "Kleiman, Charles"]
[Black "James, Charles"]
[Result "1-0"]
[WhiteElo "1742"]
[BlackElo "1305"]
[PlyCount "55"]
[EventDate "2010.??.??"]

1. d4 d5 2. c4 dxc4 3. Nc3 a6 4. a4 e6 5. e4 Nf6 6. Bxc4 e5 7. Nf3 Bb4 8. Nxe5
O-O 9. Bg5 h6 10. Bxf6 Qxf6 11. O-O c6 12. Qf3 Nd7 13. Qxf6 Nxf6 14. f3 Nd7 15.
Nd3 Be7 16. f4 Nb6 17. Bb3 Bd7 18. a5 Nc8 19. Nc5 Bxc5 20. dxc5 Ne7 21. Rad1
Rad8 22. Rd6 Nc8 23. Rd2 Bg4 24. Rff2 Rfe8 25. f5 Rxd2 26. Rxd2 Ne7 27. Rd7
Nxf5 28. Bxf7+ 1-0

[Event "Mechanics' Spring TNM; 30/90, SD/30"]
[Site "San Francisco"]
[Date "2010.04.13"]
[Round "5.10"]
[White "Kleiman, Charles"]
[Black "Manvelyan, Hovik"]
[Result "0-1"]
[WhiteElo "1742"]
[BlackElo "1959"]
[PlyCount "80"]
[EventDate "2010.??.??"]

1. d4 d5 2. c4 dxc4 3. Nc3 a6 4. a4 Nc6 5. Nf3 Nf6 6. e3 Na5 7. Nd2 Be6 8. Qc2
g6 9. Nce4 Nxe4 10. Qxe4 Bg7 11. Qc2 Qd5 12. Qe4 Qxe4 13. Nxe4 Nb3 14. Rb1 O-O
15. Bd2 Bf5 16. f3 Nxd2 17. Kxd2 b5 18. Ra1 e5 19. dxe5 Rfd8+ 20. Kc1 Bh6 21.
Nf6+ Kh8 22. f4 Bf8 23. g4 Bd3 24. Bxd3 cxd3 25. axb5 axb5 26. Rxa8 Rxa8 27.
Kd2 Rd8 28. Kc3 Bc5 29. e4 c6 30. Rd1 Bd4+ 31. Kb3 Be3 32. f5 Kg7 33. h4 Bf4
34. g5 Bxe5 35. Ng4 Bg3 36. f6+ Kf8 37. Rh1 d2 38. Ne3 Rd3+ 39. Kc2 Rxe3 40. h5
Re1 0-1

[Event "Mechanics' Spring TNM; 30/90, SD/30"]
[Site "San Francisco"]
[Date "2010.04.27"]
[Round "7.14"]
[White "Kleiman, Charles"]
[Black "Periwal, Prashant"]
[Result "0-1"]
[WhiteElo "1742"]
[BlackElo "1839"]
[PlyCount "98"]
[EventDate "2010.??.??"]

1. d4 d5 2. c4 Nf6 3. Nc3 Nc6 4. Bf4 a6 5. e3 e6 6. Nf3 Nh5 7. Bg5 Be7 8. Bxe7
Nxe7 9. Ne5 Nf6 10. Rc1 O-O 11. Bd3 c6 12. c5 Nd7 13. f4 f5 14. O-O Rf6 15. g4
Nxe5 16. fxe5 Rh6 17. Qf3 Ng6 18. Qg3 Bd7 19. gxf5 exf5 20. Bxf5 Bxf5 21. Rxf5
Nh4 22. Rf4 Rg6 23. Rg4 Nf5 24. Qf4 Rxg4+ 25. Qxg4 Nxe3 26. Qf4 Nc4 27. b3 Na3
28. Rf1 Qe7 29. Kg2 Nc2 30. Qd2 Na3 31. Rf3 Qe6 32. Qf4 Nc2 33. Kf2 Re8 34. Ne2
Qe7 35. Qg4 h6 36. Kg3 Ne1 37. Rf6 Kh8 38. Rd6 Qf7 39. Nf4 Kh7 40. Rd7 Re7 41.
Rxe7 Qxe7 42. Qf5+ Kg8 43. Ng6 Qf7 44. Qxf7+ Kxf7 45. Nf4 g5 46. Ne2 Kg6 47. h4
Kf5 48. hxg5 hxg5 49. Kf2 Nd3+ {Black won later in mutual time pressure.} 0-1

[Event "Mechanics' Spring TNM; 30/90, SD/30"]
[Site "San Francisco"]
[Date "2010.04.27"]
[Round "7.8"]
[White "Klinetobe, David"]
[Black "Beilin, Allan"]
[Result "1-0"]
[WhiteElo "2017"]
[BlackElo "1808"]
[PlyCount "53"]
[EventDate "2010.??.??"]

1. e4 e6 2. d4 d5 3. Nd2 dxe4 4. Nxe4 Nd7 5. Nf3 Ngf6 6. Nxf6+ Nxf6 7. Bd3 Be7
8. Qe2 O-O 9. O-O b6 10. Bf4 Bb7 11. Rad1 h6 12. Rfe1 Bd6 13. Ne5 Qe7 14. Qd2
Rfd8 15. Bxh6 Bxe5 16. dxe5 Ne4 17. Qe3 Nxf2 18. Qg3 Nh3+ 19. gxh3 Qc5+ 20. Be3
Qc6 21. Kf2 Qe8 22. Rg1 g6 23. h4 Kh8 24. h5 Qg8 25. Bg5 Bd5 26. Bf6+ Kh7 27.
hxg6+ 1-0

[Event "Mechanics' Spring TNM; 30/90, SD/30"]
[Site "San Francisco"]
[Date "2010.03.16"]
[Round "1.12"]
[White "Klinetobe, David"]
[Black "Cohee, James"]
[Result "1/2-1/2"]
[WhiteElo "2017"]
[BlackElo "1640"]
[PlyCount "83"]
[EventDate "2010.??.??"]

1. e4 c5 2. Nf3 Nc6 3. d4 cxd4 4. Nxd4 g6 5. c4 Bg7 6. Nc2 Nf6 7. Nc3 d6 8. Be2
O-O 9. Be3 Nd7 10. Qd2 Nc5 11. f3 Qa5 12. Nd4 f5 13. exf5 Bxf5 14. O-O Bd7 15.
Nb3 Nxb3 16. axb3 Qe5 17. Rad1 Nb4 18. f4 Qf6 19. Bf3 Bc6 20. Ne4 Bxe4 21. Bxe4
Nc6 22. Rf2 Kh8 23. b4 Qe6 24. Bd5 Qd7 25. b5 Nd8 26. Ra1 a6 27. bxa6 Rxa6 28.
Rxa6 bxa6 29. Bd4 Ne6 30. Bxg7+ Nxg7 31. b4 e6 32. Be4 Nf5 33. Qb2+ Kg8 34. Qa1
Qa7 35. Qd1 d5 36. cxd5 Ne3 37. Qf3 Qd4 38. g3 Qa1+ 39. Rf1 Qxf1+ 40. Qxf1 Nxf1
41. Kxf1 exd5 42. Bxd5+ 1/2-1/2

[Event "Mechanics' Spring TNM; 30/90, SD/30"]
[Site "San Francisco"]
[Date "2010.03.23"]
[Round "2.12"]
[White "Klinetobe, David"]
[Black "Sherwood, Peter"]
[Result "1-0"]
[WhiteElo "2017"]
[BlackElo "1697"]
[PlyCount "155"]
[EventDate "2010.??.??"]

1. e4 c5 2. Nf3 d6 3. d4 cxd4 4. Nxd4 Nf6 5. Nc3 a6 6. Bg5 e6 7. Qd3 Be7 8. f4
Nc6 9. Be2 Qb6 10. Nb3 Bd7 11. O-O-O Qc7 12. Bxf6 gxf6 13. Bh5 Rc8 14. Rhe1 b5
15. Qe2 b4 16. Nd5 Qb7 17. Nxe7 Kxe7 18. Bf3 e5 19. Bg4 Bxg4 20. Qxg4 Rhg8 21.
Qh3 a5 22. fxe5 fxe5 23. Qh4+ Ke6 24. Qxh7 Rg6 25. Qh3+ Ke7 26. Qh4+ Ke6 27.
Qh3+ Ke7 28. Qh4+ Ke6 29. Qh5 a4 30. Qf5+ Ke7 31. Rf1 Ke8 32. Na1 Nd4 33. Qh3
Qc7 34. Qh8+ Ke7 35. Qh4+ Ke8 36. Qh8+ Ke7 37. Qh4+ {draw offer} Kf8 38. Qh8+
Rg8 39. Qh6+ Ke8 40. Qd2 Qc4 41. Kb1 Ke7 42. Qf2 Qe6 43. Qh4+ Ke8 44. Rf6 Qg4
45. Qxg4 Rxg4 46. Rxd6 Rxg2 47. Rb6 Rc4 48. b3 axb3 49. cxb3 Rc3 50. Rxb4 Rxh2
51. Rc1 Re3 52. Nc2 Rxe4 53. Nxd4 Rxd4 54. Rxd4 exd4 55. Rd1 Rh4 56. Kc2 Kd7
57. Kd3 f5 58. Kc4 Kc6 59. Rxd4 Rh8 60. a4 Rf8 61. Rf4 Kd6 62. Kd4 Ke6 63. b4
Rd8+ 64. Kc5 Ke5 65. Rf1 f4 66. a5 Rc8+ 67. Kb6 Rb8+ 68. Kc5 Rc8+ 69. Kb5 Rb8+
70. Kc4 Rc8+ 71. Kb3 Ke4 72. b5 f3 73. a6 Rb8 74. Kb4 Ke3 75. a7 Rd8 76. b6 Ke2
77. Rxf3 Kxf3 78. b7 1-0

[Event "Mechanics' Spring TNM; 30/90, SD/30"]
[Site "San Francisco"]
[Date "2010.04.13"]
[Round "5.7"]
[White "Klinetobe, David"]
[Black "Thornally, Frank"]
[Result "1-0"]
[WhiteElo "2017"]
[BlackElo "2208"]
[PlyCount "60"]
[EventDate "2010.??.??"]

1. e4 e5 2. Nf3 Nc6 3. Bb5 a6 4. Bxc6 dxc6 5. O-O Bd6 6. d4 exd4 7. Qxd4 f6 8.
Re1 Ne7 9. e5 fxe5 10. Nxe5 Be6 11. Bg5 O-O 12. Nc3 Qe8 13. Nc4 Nf5 14. Nxd6
Nxd4 15. Nxe8 Rfxe8 16. Rac1 Bf5 17. Red1 c5 18. Be3 Rad8 19. h3 b5 20. Rd2
Rxe3 21. fxe3 Nf3+ 22. gxf3 Rxd2 23. e4 Bxh3 24. Nd5 Bg2 25. Nxc7 Bxf3 26. e5
Bb7 27. e6 Rg2+ 28. Kf1 Kf8 $2 (28... Rh2 $1 29. e7 Bc6 30. Re1 Rh1+ 31. Kf2
Rxe1 32. Kxe1 Kf7) 29. Rd1 Bc6 30. Rd6 Be4 1-0

[Event "Mechanics' Spring TNM; 30/90, SD/30"]
[Site "San Francisco"]
[Date "2010.04.20"]
[Round "6.12"]
[White "Krasnov, Steven"]
[Black "Dembling, Arthur"]
[Result "1-0"]
[WhiteElo "1944"]
[BlackElo "1726"]
[PlyCount "89"]
[EventDate "2010.??.??"]

1. d4 Nf6 2. c4 e6 3. Nf3 b6 4. a3 Bb7 5. e3 d5 6. Nc3 Be7 7. b4 Nbd7 8. Bb2
O-O 9. Rc1 c5 10. dxc5 bxc5 11. b5 Nb6 12. cxd5 exd5 13. Be2 Rc8 14. O-O Qd6
15. a4 Rfd8 16. Qc2 Qc7 17. Qf5 Qd7 18. Qxd7 Nbxd7 19. Rfd1 Nf8 20. a5 Ne6 21.
Na4 c4 22. Nd4 Nc5 23. Nf5 Bf8 24. Nxc5 Bxc5 25. g4 Kf8 26. Nxg7 Kxg7 27. g5
Be7 28. a6 Ba8 29. Bd4 Kg6 30. gxf6 Bc5 31. Be5 Bd6 32. Bxd6 Rxd6 33. Rxc4 Rxc4
34. Bxc4 Kxf6 35. Bd3 h6 36. Rc1 Ke7 37. f4 d4 38. Rc7+ Rd7 39. Rxd7+ Kxd7 40.
exd4 Kd6 41. Kf2 Kd5 42. Ke3 Kd6 43. Be4 Bd5 44. Bxd5 Kxd5 45. b6 1-0

[Event "Mechanics' Spring TNM; 30/90, SD/30"]
[Site "San Francisco"]
[Date "2010.04.06"]
[Round "4.14"]
[White "Krasnov, Steven"]
[Black "Palmeri, Ralph"]
[Result "0-1"]
[WhiteElo "1944"]
[BlackElo "1718"]
[PlyCount "116"]
[EventDate "2010.??.??"]

1. d4 Nf6 2. Nf3 g6 3. c4 d5 4. e3 Bg7 5. Nbd2 O-O 6. Be2 Re8 7. O-O c6 8. b3
Nbd7 9. Bb2 Ne4 10. Nxe4 dxe4 11. Nd2 f5 12. Qc2 Nf6 13. Rad1 Be6 14. f3 exf3
15. Bxf3 Qc7 16. Rfe1 Rad8 17. e4 fxe4 18. Nxe4 Ng4 19. g3 Bf5 20. Qe2 Qc8 21.
h3 Nf6 22. g4 Bxe4 23. Bxe4 Nxe4 24. Qxe4 Rd6 25. Ba3 Rf6 26. d5 cxd5 27. Qxd5+
e6 28. Qd7 Qxd7 29. Rxd7 Rf7 30. Rxf7 Kxf7 31. Rf1+ Kg8 32. Rd1 e5 33. Rd7 e4
34. Kf1 Re6 35. Bb4 Rb6 36. Bc5 Ra6 37. a4 Rf6+ 38. Ke2 Rf3 39. Rxb7 Bh6 40.
Bxa7 Rxh3 41. a5 Rh2+ 42. Kf1 Ra2 43. Bb6 Bf4 44. b4 Ra1+ 45. Ke2 Ra2+ 46. Kd1
Rd2+ 47. Ke1 Rc2 48. a6 Rc1+ 49. Ke2 Rc2+ 50. Kf1 Rc1+ 51. Kg2 Rc2+ 52. Bf2 Be3
53. a7 Rxf2+ 54. Kg3 Rf3+ 55. Kg2 Rf2+ 56. Kh3 Rf3+ 57. Kg2 Rf2+ 58. Kg1 Ra2+
0-1

[Event "Mechanics' Spring TNM; 30/90, SD/30"]
[Site "San Francisco"]
[Date "2010.03.23"]
[Round "2.4"]
[White "Krasnov, Steven"]
[Black "Thornally, Frank"]
[Result "1/2-1/2"]
[WhiteElo "1944"]
[BlackElo "2208"]
[PlyCount "72"]
[EventDate "2010.??.??"]

1. Nf3 Nf6 2. d4 g6 3. c4 Bg7 4. g3 O-O 5. Bg2 d6 6. Nc3 Nbd7 7. O-O e5 8. Bg5
c6 9. Qd2 Re8 10. Rad1 Qb6 11. b3 a5 12. d5 cxd5 13. Nxd5 Nxd5 14. Qxd5 Ra6 15.
Be3 Qc7 16. Ng5 Nf6 17. Qb5 Rd8 18. Rc1 h6 19. Ne4 Ng4 20. c5 d5 21. Nd6 Qc6
22. a4 Bf8 23. Rfd1 Nxe3 24. fxe3 Bxd6 25. Bxd5 Qd7 26. cxd6 Rxd6 27. Qxa5 b6
28. Qb5 Qe7 29. e4 Qg5 30. Rxc8 Rxc8 31. Bxf7+ Kxf7 32. Rxd6 Qe3+ 33. Kg2 Qxe4+
34. Kf2 Qf5+ 35. Kg2 Qe4+ 36. Kf2 Qf5+ 1/2-1/2

[Event "Mechanics' Spring TNM; 30/90, SD/30"]
[Site "San Francisco"]
[Date "2010.04.06"]
[Round "4.9"]
[White "Leavens, Weston"]
[Black "Grey, Peter"]
[Result "0-1"]
[WhiteElo "1836"]
[BlackElo "2007"]
[PlyCount "92"]
[EventDate "2010.??.??"]

1. e4 e5 2. Nf3 Nc6 3. Bb5 a6 4. Ba4 f5 5. Bxc6 dxc6 6. Nxe5 Qd4 7. Nf3 Qxe4+
8. Qe2 Qxe2+ 9. Kxe2 Bd6 10. Re1 Ne7 11. Nc3 O-O 12. d3 Bd7 13. Kf1 Rae8 14.
Bg5 Ng6 15. Rxe8 Rxe8 16. Bd2 h6 17. Re1 Rxe1+ 18. Kxe1 Kf7 19. Ne2 Ne5 20.
Nxe5+ Bxe5 21. d4 Bd6 22. g3 b6 23. Nf4 g5 24. Nd3 Kf6 25. f4 Be8 26. Ne5 c5
27. dxc5 Bxc5 28. Bc3 Ke6 29. Kd2 g4 30. Ke2 Bb5+ 31. Nd3 Kd5 32. a4 Bxd3+ 33.
cxd3 Bd4 34. Kd2 Bg1 35. Ke2 c6 36. b4 b5 37. axb5 axb5 38. Kf1 Bd4 39. Bd2 c5
40. Ke2 c4 41. dxc4+ Kxc4 42. Be1 Bc3 43. Bf2 Bxb4 44. Kd1 Bc5 45. Bxc5 Kxc5
46. Kc2 Kc4 0-1

[Event "Mechanics' Spring TNM; 30/90, SD/30"]
[Site "San Francisco"]
[Date "2010.03.23"]
[Round "2.7"]
[White "Leavens, Weston"]
[Black "Rosenthal, Ed"]
[Result "0-1"]
[WhiteElo "1836"]
[BlackElo "2103"]
[PlyCount "52"]
[EventDate "2010.??.??"]

1. e4 d6 2. d4 Nf6 3. Bd3 e5 4. c3 d5 5. dxe5 Nxe4 6. Nf3 Nc6 7. Bxe4 dxe4 8.
Qxd8+ Kxd8 9. Ng5 Nxe5 10. Nxe4 Nd3+ 11. Ke2 Nxc1+ 12. Rxc1 Be7 13. Nbd2 f5 14.
Ng3 c6 15. Rd1 Kc7 16. Nf3 h5 17. h4 f4 18. Ne4 Bg4 19. Neg5 Rhf8 20. Kf1 Bxg5
21. Nxg5 Bxd1 22. Ne6+ Kd6 23. Nxf8 Bc2 24. Rc1 Bf5 25. Rd1+ Ke7 26. Rd4 Rxf8
0-1

[Event "Mechanics' Spring TNM; 30/90, SD/30"]
[Site "San Francisco"]
[Date "2010.04.20"]
[Round "6.9"]
[White "Leavens, Weston"]
[Black "Sanguinetti, George"]
[Result "0-1"]
[WhiteElo "1836"]
[BlackElo "1956"]
[PlyCount "74"]
[EventDate "2010.??.??"]

1. e4 e5 2. Nf3 Nc6 3. Bb5 a6 4. Ba4 Nf6 5. O-O Be7 6. Re1 b5 7. Bb3 d6 8. c3
O-O 9. d4 Bg4 10. d5 Na5 11. Bc2 c6 12. b4 Nc4 13. dxc6 Qb6 14. Nbd2 Qxc6 15.
Nxc4 Qxc4 16. Bd2 Rac8 17. Re3 Bh5 18. h3 Bd8 19. Bd3 Qc6 20. g4 Bxg4 21. hxg4
Nxg4 22. Re2 Bb6 23. Rc1 d5 24. exd5 Qxd5 25. Be4 Qe6 26. Bxh7+ Kh8 27. Qf1
Nxf2 28. Kh2 Qg4 29. Rxf2 Bxf2 30. Qxf2 Kxh7 31. Rg1 Qh5+ 32. Nh4 Rc4 33. Kh3
Rd8 34. Qg3 Rxh4+ 35. Qxh4 Qxh4+ 36. Kxh4 Rxd2 37. Kg5 Rxa2 0-1